История Германии с конца средних веков : (Record no. 431306)
[ view plain ]
| 000 -LEADER | |
|---|---|
| fixed length control field | 01292nam a2200277 a 4500 |
| 003 - CONTROL NUMBER IDENTIFIER | |
| control field | AM-YeHGA |
| 005 - DATE AND TIME OF LATEST TRANSACTION | |
| control field | 20250618075115.0 |
| 008 - FIXED-LENGTH DATA ELEMENTS--GENERAL INFORMATION | |
| fixed length control field | 171108m1920 ru |||||r|||||001|0|rus|| |
| 040 ## - CATALOGING SOURCE | |
| Original cataloging agency | AM-YeHGA |
| 041 1# - LANGUAGE CODE | |
| Language code of text/sound track or separate title | rus |
| 090 ## - LOCALLY ASSIGNED LC-TYPE CALL NUMBER (OCLC); LOCAL CALL NUMBER (RLIN) | |
| -- | 433878 |
| 100 1# - MAIN ENTRY--PERSONAL NAME | |
| Personal name | Меринг, Франц |
| 245 10 - TITLE STATEMENT | |
| Title | История Германии с конца средних веков : |
| Remainder of title | Руководство для учащих и учащихся. В двух частях / |
| Statement of responsibility, etc. | Франц Меринг ; Пер. и предисл. И. Степанова ; РКП(б). |
| 260 ## - PUBLICATION, DISTRIBUTION, ETC. | |
| Place of publication, distribution, etc. | Москва : |
| Name of publisher, distributor, etc. | Гос. изд., |
| Date of publication, distribution, etc. | 1920-. |
| 300 ## - PHYSICAL DESCRIPTION | |
| Extent | 222, II с. ; |
| Dimensions | 23 см. |
| 500 ## - GENERAL NOTE | |
| General note | Каждая часть имеет самостоят. тит. л. |
| 504 ## - BIBLIOGRAPHY, ETC. NOTE | |
| Bibliography, etc. note | Библиогр. в конце каждого отд. |
| 505 00 - FORMATTED CONTENTS NOTE | |
| Miscellaneous information | Ч. 1 (1920, 116 с.) |
| 505 00 - FORMATTED CONTENTS NOTE | |
| Miscellaneous information | Ч. 2 (1920, 117-222, II с.) |
| 650 14 - SUBJECT ADDED ENTRY--TOPICAL TERM | |
| Topical term or geographic name entry element | Համաշխարհային պատմություն |
| 9 (RLIN) | 5843 |
| 650 14 - SUBJECT ADDED ENTRY--TOPICAL TERM | |
| Topical term or geographic name entry element | История Германии |
| 651 #4 - SUBJECT ADDED ENTRY--GEOGRAPHIC NAME | |
| Geographic name | Германия |
| General subdivision | История |
| Chronological subdivision | Средние века |
| 700 1# - ADDED ENTRY--PERSONAL NAME | |
| Personal name | Скворцов, И. |
| Relator term | пер., авт. предисл. |
| Relationship | trl |
| -- | aui |
| 710 2# - ADDED ENTRY--CORPORATE NAME | |
| Corporate name or jurisdiction name as entry element | Российская коммунистическая партия (большевиков) |
| 942 ## - ADDED ENTRY ELEMENTS (KOHA) | |
| Source of classification or shelving scheme | Universal Decimal Classification |
| Koha item type | Գրքեր / Books |
| Withdrawn status | Lost status | Source of classification or shelving scheme | Damaged status | Not for loan | Collection | Home library | Current library | Date acquired | Serial enumeration / chronology | Total checkouts | Full call number | Barcode | Date last seen | Price effective from | Koha item type | Public note |
|---|---|---|---|---|---|---|---|---|---|---|---|---|---|---|---|---|
| Universal Decimal Classification | General | Fundamental Scientific Library | Fundamental Scientific Library | 14/05/2019 | Ч. 1-2 | РД II/60409 | FL0578598 | 14/05/2019 | 14/05/2019 | Գրքեր / Books | 30 Days Loan |
ՀՀ Գիտությունների ազգային ակադեմիայի հիմնարար գիտական գրադարան = Fundamental Scientific Library of NAS RA
All site content, except where otherwise noted, is licensed under a